000 00534nam a2200193Ia 4500
003 OSt
005 20220926045740.0
006 a|||||r|||| 00| 0
007 ta
008 220923b |||||||| |||| 00| 0 eng d
037 _cGeneral Book
040 _aRTL
_cRTL
_beng
041 _2eng
_aeng
082 _aX .59B.N9, N5/TD
100 _aKORNAI Jamos
_9350668
245 0 _aHighway and byways
_b Studies on reforms and post c
942 _hX .59B.N9, N5/TD
_cGB
_2CC
999 _c678586
_d678586